000 00635nam a2200229Ia 4500
003 OSt
005 20220928135326.0
006 a|||||r|||| 00| 0
007 ta
008 220927b |||||||| |||| 00| 0 eng d
024 _a1106
037 _cTextual
040 _aSDCL
_cSDCL
_beng
041 _2eng
_aeng
082 _aX:272:(S), M2
100 _aGruneberg Michael M
_9489707
245 0 _aIndustrial productivity
_b A psychological perspective
260 _c1982
700 _a Oborne David J
_9489708
942 _hX:272:(S), M2
_cTEXL
_2CC
999 _c805004
_d805004